000 00320nam a22001457a 4500
008 210514b ||||| |||| 00| 0 eng d
020 _a9780134849089
041 _aeng
080 _a33
082 _a33
100 _a53
101 _aBIZ
245 _aInformation Technology in Business
_cSenn,J.A
942 _2udc
_cBK
999 _c57324
_d57324